| 000 | 00814nam a2200265Ia 4500 | ||
|---|---|---|---|
| 003 | GCL | ||
| 008 | 140319s9999 xx 000 0 ara d | ||
| 040 |
_aGCL / _cGCL |
||
| 082 | 0 | 4 |
_a612.17 _bع ق |
| 100 | 1 | _aعبدالعزيز الشريف | |
| 245 | 1 | 0 |
_aالقلب وامراضه / _cعبدالعزيز الشريف |
| 260 |
_a[S.N] : _bمركز الاهرام للترجمة والنشر ، _c1989 |
||
| 300 | _a92 ص | ||
| 490 |
_aاعرف صحتك _v0 |
||
| 650 | 0 | 4 | _aالطب |
| 650 | 0 | 4 | _aالامراض |
| 650 | 0 | 4 | _aضغط الدم |
| 650 | 0 | 4 | _aالقلب |
| 650 | 0 | 4 | _aاوعية دموية |
| 650 | 0 | 4 | _aالسكتة القلبية |
| 650 | 0 | 4 | _aالدورة الدموية |
| 650 | 0 | 4 | _aالشرايين والاوردة |
| 650 | 0 | 4 | _aالذبحة الصدرية |
| 942 |
_2ddc _cBK |
||
| 999 |
_c58584 _d58584 |
||